Advanced Energy Storage Technologies and Their Applications (AESA) (Record no. 25451)

MARC details
000 -LEADER
fixed length control field 00559nam a2200121Ia 4500
008 - FIXED-LENGTH DATA ELEMENTS--GENERAL INFORMATION
fixed length control field 220620s9999||||xx |||||||||||||| ||und||
100 ## - MAIN ENTRY--PERSONAL NAME
Personal name Hailong Li (Ed.)||Xuan Zhou (Ed.)||Rui Xiong (Ed.)
245 #0 - TITLE STATEMENT
Title Advanced Energy Storage Technologies and Their Applications (AESA)
546 ## - LANGUAGE NOTE
Language note English[eng]
650 ## - SUBJECT ADDED ENTRY--TOPICAL TERM
Topical term or geographic name entry element Phase change material||Ultracapacitor||Compressed air||Battery||Electric vehicles||Thermal energy storage||Management System Heat transfer enhancement||Fuel cell||Energy storage
856 ## - ELECTRONIC LOCATION AND ACCESS
Uniform Resource Identifier <a href="http://www.mdpi.com/books/pdfview/book/546">http://www.mdpi.com/books/pdfview/book/546</a>
942 ## - ADDED ENTRY ELEMENTS (KOHA)
Koha item type E-Books
Holdings
Withdrawn status Lost status Damaged status Not for loan Home library Current library Date acquired Total Checkouts Date last seen Price effective from Koha item type
        Kerala University of Digital Sciences, Innovation and Technology Knowledge Centre Kerala University of Digital Sciences, Innovation and Technology Knowledge Centre 20/06/2022   20/06/2022 20/06/2022 E-Books